Urbanismo gaditano del siglo XVIII / (Record no. 61054)
[ view plain ]
| 000 -LEADER | |
|---|---|
| campo de control de longitud fija | 00947nam a2200241 i 4500 |
| 001 - NÚMERO DE CONTROL | |
| campo de control | C00064528c |
| 005 - FECHA Y HORA DE LA ÚLTIMA TRANSACCIÓN | |
| campo de control | 20241029151016.0 |
| 008 - DATOS DE LONGITUD FIJA--INFORMACIÓN GENERAL | |
| campo de control de longitud fija | 180709s1973 esp |||| ||spa d |
| 080 ## - NÚMERO DE LA CLASIFICACIÓN DECIMAL UNIVERSAL | |
| Número de la Clasificación Decimal Universal | 711(468.18C.)"17" |
| 100 1# - ENTRADA PRINCIPAL--NOMBRE DE PERSONA | |
| Nombre de persona | Retegui Bensusan, Mariano de ( |
| Fechas asociadas al nombre | 1914-1997) |
| 9 (RLIN) | 45200 |
| 245 10 - MENCIÓN DEL TÍTULO | |
| Título | Urbanismo gaditano del siglo XVIII / |
| Mención de responsabilidad, etc. | Mariano de Retegui y Bensusan, Guillermo Perea Guardeño. |
| 260 ## - PUBLICACIÓN, DISTRIBUCIÓN, ETC. | |
| Lugar de publicación, distribución, etc. | San Fernando : |
| Nombre del editor, distribuidor, etc. | Imp. "La Voz", |
| Fecha de publicación, distribución, etc. | 1973. |
| 300 ## - DESCRIPCIÓN FÍSICA | |
| Extensión | 47 p., [7] h. de lám. ; |
| Dimensiones | 28 cm. + |
| Material acompañante/anejo | 1 folleto. |
| 500 ## - NOTA GENERAL | |
| Nota general | Las [7] h. de lám.: tres están imp. por ambas caras y dos son pleg. |
| 500 ## - NOTA GENERAL | |
| Nota general | Acompañado de: Cinco mapas del siglo XVIII en un viejo papel. [8] p. ; 22 cm. |
| 500 ## - NOTA GENERAL | |
| Nota general | Donación Ministerio de Cultura. |
| 650 #4 - PUNTO DE ACCESO ADICIONAL DE MATERIA--TÉRMINO DE MATERIA | |
| Término de materia o nombre geográfico como elemento de entrada | Urbanismo- |
| Subdivisión geográfica | España- |
| -- | Cádiz- |
| Subdivisión cronológica | S. XVIII. |
| 9 (RLIN) | 100714 |
| 700 1# - ENTRADA AGREGADA--NOMBRE PERSONAL | |
| Nombre de persona | Perea Guardeño, Guillermo. |
| 9 (RLIN) | 45201 |
| 752 ## - ENTRADA AGREGADA--NOMBRE JERÁRQUICO DEL LUGAR | |
| País o entidad superior | España - |
| Ciudad | San Fernando |
| 852 4# - LOCALIZACIÓN | |
| Número de control de estantería | CN-40 |
| Estatus retirado | Estado de pérdida | Estado de daño | No para préstamo | Colección | Biblioteca de origen | Biblioteca actual | Ubicación en estantería | Fecha de adquisición | Fuente de adquisición | Total de préstamos | Signatura topográfica completa | Código de barras | Visto por última vez | Precio de reemplazo | Tipo de ítem Koha |
|---|---|---|---|---|---|---|---|---|---|---|---|---|---|---|---|
| Real Academia de la Bellas Artes de San Fernando | Real Academia de la Bellas Artes de San Fernando | Calcografía Nacional | 09/07/2018 | D | CN-40 | 1068992 | 15/10/2024 | 15/10/2024 | Fondo moderno |